Reklama v jednoduchom účtovníctve

Právna úprava reklamnej činnosti. Daňové hľadisko výdavkov na reklamu. Účtovné hľadisko výdavkov na reklamu. Účtovanie výdavkov na reklamu. Účtovanie v peňažnom denníku. Komentované príklady.

Enregistré dans:
Détails bibliographiques
Auteur principal: Strählová, Jarmila
Format: Chapitre de livre
Langue:slovaque
Sujets:
Tags: Ajouter un tag
Pas de tags, Soyez le premier à ajouter un tag!

MARC

LEADER 00000naa a2200000 4500
001 r047304
005 20231003090112.3
041 0 |a slo 
044 |a SK 
245 1 0 |a Reklama v jednoduchom účtovníctve  |c Jarmila Strählová 
520 |a Právna úprava reklamnej činnosti. Daňové hľadisko výdavkov na reklamu. Účtovné hľadisko výdavkov na reklamu. Účtovanie výdavkov na reklamu. Účtovanie v peňažnom denníku. Komentované príklady. 
610 2 0 |a reklama 
610 2 0 |a účtovníctvo jednoduché 
610 2 0 |a výdavky 
610 2 0 |a propagácia 
610 2 0 |a výdavky daňové 
610 2 0 |a dane z príjmov 
610 2 0 |a účtovanie 
610 2 0 |a denníky účtovné 
100 1 |a Strählová, Jarmila